000 00458nam a2200181Ia 4500
005 20250508150302.0
008 008 250505s9999 xx 000 0 eng d
037 _aTextual
040 _aFEDL
_beng
_cFEDL
041 _aeng
_2eng
084 _a370, STE
_qFEDL
100 _aSteiner R.
_985185
245 0 _aSpiritual ground of education
300 _a135p.
650 _aEducation
942 _cTEXL
_h370, STE
999 _c1322812
_d1322812